| 000 | 00779nam a22002057a 4500 | ||
|---|---|---|---|
| 999 |
_c16309 _d16309 |
||
| 003 | AR-CdUCM | ||
| 008 | 190503b ||||| |||| 00| 0 spa d | ||
| 040 |
_aMUNICIPALIDAD PROVINCIAL DEL CUSCO _cBIBLIOTECA MUNICIPAL DEL CUSCO |
||
| 082 |
_a332.4 / _bM47 |
||
| 110 |
_aCentro de estudios monetarios latinoamericanos México 1962 _935683 |
||
| 245 | _aAspectos monetarios de las economías latinoamericanas 1961 / | ||
| 260 |
_aMéxico : _bPanamericanas, _c1962. |
||
| 300 |
_a291 páginas ; _c22 cm. |
||
| 505 | _aContenido : Economía mundial -- Principales medidas de política monetaria -- Financiamiento monetario y producción ... | ||
| 650 |
_aMoneda _95487 |
||
| 650 |
_aEconomía _9382 |
||
| 650 |
_aPolítica _9291 |
||
| 942 |
_2ddc _cLIBROS |
||
| 945 |
_arah _d03/05/2019 |
||